000 00501nam a2200205Ia 4500
005 20260602120719.0
008 131103s9999 xx 000 0 und d
040 _aLoreto College
041 _aEnglish
082 _a840
_bDID
100 _aMorley,John
245 _aDiderot and the encyclopaedists
_cJohn Morley
260 _aLondon
_bMacmillan and Co.
_c1914
300 _a351p
630 _aBiography
650 _aDiderot
651 _aFrench literature
850 _aLCLIB
942 _cBK
999 _c24357
_d74836